Ταξιδεύοντας με τον έρωτα
Αποθηκεύτηκε σε:
| Κύριος συγγραφέας: | |
|---|---|
| Άλλοι συγγραφείς: | |
| Μορφή: | Βιβλίο |
| Γλώσσα: | Greek French |
| Δημοσίευση: |
Αθήνα :
Μεταίχμιο,
c1999.
|
| Σειρά: | Ξένη λογοτεχνία (Μεταίχμιο)
|
| Θέματα: | |
| Ετικέτες: |
Προσθήκη ετικέτας
Δεν υπάρχουν, Καταχωρήστε ετικέτα πρώτοι!
|
MARC
| LEADER | 00000cam a2200000 i 4500 | ||
|---|---|---|---|
| 001 | 1/20700 | ||
| 008 | 051213s1999 gr | ||| |||| ||gre|| | ||
| 020 | |a 960375188X | ||
| 035 | |l 10081681 | ||
| 040 | |a GR-MyUA |b gre |e AACR2 | ||
| 041 | 1 | |a gre |h fre | |
| 082 | 0 | |a 843 |2 (22) | |
| 100 | 1 | |a Lapaque, Sebastien |d 1971- | |
| 245 | 1 | 0 | |a Ταξιδεύοντας με τον έρωτα / |c Σεμπάστιεν Λάπακ ; μετάφραση Μαριλένα Καρρά. |
| 260 | |a Αθήνα : |b Μεταίχμιο, |c c1999. | ||
| 300 | |a 174 σ. ; |c 21 εκ. | ||
| 490 | 1 | |a (Ξένη λογοτεχνία) | |
| 500 | |a Τίτλος πρωτοτύπου: Les idees heureuses. | ||
| 650 | 0 | 0 | |a French fiction. |
| 700 | 1 | |a Καρρά, Μαριλένα, |e trlf [Μεταφράστρια] | |
| 830 | 0 | |a Ξένη λογοτεχνία (Μεταίχμιο) | |
| 852 | |a INST |b SAMOS |e 20051213 |h 843 LAP |p 005300025007 |q 005300025007 |t BK |y 0 | ||
| 901 | |a BIBL3-2005-3 | ||
| 909 | |a Σ |b 114671 | ||
| 970 | |a ΜΑΛΑΓΑΡΗ |b ΦΩΤΕΙΝΗ |z 2005/12/13 | ||